Instalaciones de energía solar fotovoltaica

Bibliographic Details
Main Author: Alcor Cabrerizo, Enrique
Format: Section = Libro
Language:Undetermined
Spanish
Published: Madrid, España Progensa 1985
Subjects:
LEADER 00455nam a2200169Ia 4500
008 240829s9999 xx 000 0 und d
040 |a BIBLIOTECA-RUSB/ 333.7923 A354 
041 |a spa 
082 |a 333.7923 A354 
100 1 |a Alcor Cabrerizo, Enrique 
245 1 0 |a Instalaciones de energía solar fotovoltaica 
260 |a Madrid, España  |b Progensa  |c 1985 
300 |a p. irreg. :il. 
650 7 |a ENERGIA SOLAR 
942 |c BK  |2 ddc 
991 |a TEXTO 
999 |c 991